Catálogo

Hegel y el cerebro conectado / (Registro nro. 41203)

Detalles MARC
000 -LEADER
fixed length control field 01478cam a2200373 i 4500
001 - CONTROL NUMBER
control field 41203
003 - CONTROL NUMBER IDENTIFIER
control field Mx-PuUPA
005 - DATE AND TIME OF LATEST TRANSACTION
control field 20260108112533.0
008 - FIXED-LENGTH DATA ELEMENTS--GENERAL INFORMATION
fixed length control field 140415s2023 mx gr 001 0 spa d
020 ## - INTERNATIONAL STANDARD BOOK NUMBER
International Standard Book Number 9786075695181
040 ## - CATALOGING SOURCE
Original cataloging agency Mx-PuUPA
Language of cataloging spa
Transcribing agency Mx-PuUPA
Modifying agency Mx-PuUPA
Description conventions rda
041 1# - LANGUAGE CODE
Language code of text/sound track or separate title spa
Language code of original eng
100 1# - MAIN ENTRY--PERSONAL NAME
Personal name Žižek, Slavoj,
Dates associated with a name 1949-
Relator term autor
9 (RLIN) 17449
240 10 - UNIFORM TITLE
Uniform title Hegel in a wired brain.
Language of a work Español
245 10 - TITLE STATEMENT
Title Hegel y el cerebro conectado /
Statement of responsibility, etc. Slavoj Žižek ; traducción de Fernando Borrajo
250 ## - EDITION STATEMENT
Edition statement Primera edición /
Remainder of edition statement julio
264 #1 - PRODUCTION, PUBLICATION, DISTRIBUTION, MANUFACTURE, AND COPYRIGHT NOTICE
Place of production, publication, distribution, manufacture Ciudad de México :
Name of producer, publisher, distributor, manufacturer Ediciones Culturales Paidós,
Date of production, publication, distribution, manufacture, or copyright notice 2023
300 ## - PHYSICAL DESCRIPTION
Extent 221 páginas ;
Dimensions 23 cm
336 ## - CONTENT TYPE
Fuente rdacontent
Content type term texto
Content type code txt
337 ## - MEDIA TYPE
Source rdamedia
Media type term sin medio
Media type code n
338 ## - CARRIER TYPE
Source rdacarrier
Carrier type term volumen
Carrier type code nc
500 ## - GENERAL NOTE
General note Reimpresiones: (primera, enero, 2024).
600 10 - SUBJECT ADDED ENTRY--PERSONAL NAME
Personal name Hegel, Georg Wilhelm Friedrich,
Dates associated with a name 1770-1831
9 (RLIN) 9413
650 #7 - SUBJECT ADDED ENTRY--TOPICAL TERM
Source of heading or term armarc
Topical term or geographic name entry element Filosofía de la mente
Chronological subdivision 1770-1881
Form subdivision Crítica e interpretación
650 #7 - SUBJECT ADDED ENTRY--TOPICAL TERM
Source of heading or term armarc
Topical term or geographic name entry element Inteligencia artificial
General subdivision Aspectos filosóficos
650 #7 - SUBJECT ADDED ENTRY--TOPICAL TERM
Source of heading or term armarc
Topical term or geographic name entry element Neurociencias
General subdivision Aspectos sociales
650 #7 - SUBJECT ADDED ENTRY--TOPICAL TERM
Source of heading or term armarc
Topical term or geographic name entry element Tecnología y civilización
650 #7 - SUBJECT ADDED ENTRY--TOPICAL TERM
Source of heading or term armarc
Topical term or geographic name entry element Filosofía Hegeliana
700 1# - ADDED ENTRY--PERSONAL NAME
Personal name Borrajo, Fernando,
Relator term traductor
765 #0 - ORIGINAL LANGUAGE ENTRY
Main entry heading Žižek, Slavoj
Title Hegel in a wire brain
Place, publisher, and date of publication [lugar de publicación no identificado] : Bloomsbury Publishing, ©2020
942 ## - ADDED ENTRY ELEMENTS (KOHA)
Source of classification or shelving scheme Dewey Decimal Classification
Koha item type Libro
Classification part 193
Item part Z8218
Existencias
Withdrawn status Lost status Source of classification or shelving scheme Damaged status Not for loan Collection code Home library Current library Shelving location Date acquired Source of acquisition Total Checkouts Full call number Barcode Checked out Date last seen Date last checked out Price effective from Koha item type
    Dewey Decimal Classification     Magisterial Biblioteca Karol Wojtyla Biblioteca Karol Wojtyla Módulo de circulación 03/12/2013 Compra 2 193 Z8218 2023 62177 18/02/2027 18/02/2026 18/02/2026 03/12/2013 Magisterial